00266nam a2200121Ia 4500008004100000100001700041245001500058260002600073300000800099650001300107942000700120999001700127190216s9999||||xx |||||||||||||| ||und|| aSasisharan N 0aKathakalam bPoorna Pubs Kozhikode a209 aKathakal cBK c28367d28367